000 00395nam a2200145Ia 4500
008 231129s2010||||xx |||||||||||||| ||spa||
020 _a978-958-753-030-8
040 _bspa
082 _aR 781.62861 R412c
100 _aRenjifo Romero Gustavo Adolfo
245 0 _aColombia es una nota
260 _c2010
264 _aMinisterio de Cultura
942 _2ddc
_cBKS
999 _c7331
_d7331